000 00257nam a2200109Ia 4500
005 20251222114415.0
008 251222s1900||||xx |||||||||||||| ||spa||
082 _aDVD0124/J62/1988
245 0 _aU2 Rattle and Hum.
264 _bMcGuinness, Paul
942 _cDVD
999 _c2192
_d2192